Biología celular y molecular
Guardado en:
| Autor principal: | |
|---|---|
| Otros Autores: | |
| Formato: | Libro |
| Lenguaje: | español |
| Publicado: |
Santiago
McGraw Hill Interamericana
1998
|
| Materias: | |
| Etiquetas: |
Agregar Etiqueta
Sin Etiquetas, Sea el primero en etiquetar este registro!
|
MARC
| LEADER | 00000nam a2200000 a 4500 | ||
|---|---|---|---|
| 001 | UCO6033 | ||
| 003 | CL-VaPUC | ||
| 005 | 20241017111518.0 | ||
| 008 | 001006e19980000CL |||||||||||||||||spa|d | ||
| 999 | |c 291827 |d 291825 | ||
| 020 | |a 9562780597 | ||
| 040 | |c Pontificia Universidad Católica de Valparaíso | ||
| 082 | 0 | 4 | |a 571.6 JUN 1998 |2 21 |
| 100 | |a Junqueira, Luiz C |e author |9 591081 | ||
| 245 | 1 | 0 | |a Biología celular y molecular |
| 260 | |a Santiago |b McGraw Hill Interamericana |c 1998 | ||
| 300 | |a 324 páginas | ||
| 583 | |a last modification |c 20150327 11:00:06 |k Rodrigo Vera | ||
| 650 | 0 | |a Biología |9 262022 | |
| 650 | 0 | |a Biología molecular |9 269677 | |
| 650 | 0 | |a Bioquímica |9 259492 | |
| 650 | 0 | |a Células |9 269548 | |
| 650 | 0 | |a Citología |9 261432 | |
| 650 | 0 | |a División celular |9 343784 | |
| 650 | 0 | |a Membrana celular |9 365516 | |
| 650 | 7 | |a NUCLEO CELULAR |2 CL-VaPUC |9 370183 | |
| 700 | 0 | |a Carneiro, José |9 450852 | |
| 942 | |c BK |2 ddc | ||
| 945 | |d 20001006 00:00:00 |a vberengu | ||
| 952 | |0 0 |1 0 |2 ddc |4 0 |6 571_600000000000000_JUN_1998 |7 0 |8 A |9 342058 |a BIBCUR |b BIBCUR |d 2019-11-20 |i 3657213 |o 571.6 JUN 1998 |p 3657213 |r 2025-04-22 |t 1 |w 2019-11-20 |y BK |k BIO | ||
| 952 | |0 0 |1 0 |2 ddc |4 0 |6 571_600000000000000_JUN_1998 |7 0 |8 A |9 342059 |a BIBCUR |b BIBCUR |d 2019-11-20 |i 4768078 |l 3 |o 571.6 JUN 1998 |p 4768078 |r 2025-04-22 |s 2024-05-03 |t 2 |w 2019-11-20 |y BK |k BIO | ||